01493nam a2200253 a 4500001001000000005001700010008004100027041000800068044000700076084002000083100004500103245012500148260003200273300002200305500023000327500007700557500035800634500001000992650005201002650005601054650003401110650004501144740005001189BRCA_248020190320203829.0211108s1840----sp-a---###---#000-0#spa-u aspa asp a120b.V46c18401 aCervantes Saavedra, Miguel ded1547-161610aHistoria de la vida y hechos del Ingenioso Hidalgo Don Quijote de la Manchaccompuesto por Miguel de Cervantes Saavedra. aMadridbVenta publicac1840 a4 v.bil.c16 cm. aContenido : v 1. Primera parte. Dedicatoria a Don Quijote por Cide Hamete Benengeli. Versos preliminares. Prólogo del autor. Texto. -- v 2. Texto. -- v 3. Segunda parte. Prólogo del autor. Texto. -- v 4. Texto. Apéndice aEdición : Ultima edición completisima conforme al original primitivo aEsta mala edición es copia de la de Madrid del año 1804, con las anteportadas y las láminas que fueron grabadas y retocadas por Miranda, Alvarez y Cobo. Suprime las dos dedicatorias cervantinas. También la impresión, hecha con tipos pequeños y gastados, deja mucho que desear. Semipiel; lomeras decoradas con adornos dorados Lúdovik Osterc aQM10214aNovela españolayÉpoca clásica, 1500-170014aLiteratura españolayÉpoca clásica, 1500-170014aNovela españolaySiglo XVII14aDon Quijote (Personaje ficticio)eNovela0 aEl Ingenioso Hidalgo Don Quijote de la Mancha